00295nam a2200109 4500082001600000100002100016245006000037260005700097300000800154490001100162650001200173 a581.684 JAY aJayaweera,D.M.A. aMedicinal Plants (Indigenous and Exotic) Used in Ceylon aColombobNational Science Foundation Sri Lankac2006 a255 aPart V aPlants,